| 000 | 00807nam a22002651 4500 | ||
|---|---|---|---|
| 001 | 22138 | ||
| 003 | BD-RjUL | ||
| 005 | 20211209000754.0 | ||
| 008 | 140306s1956 enka 001 0 eng | ||
| 035 | _a(BD-RjUL)22203 | ||
| 035 | _a(OCoLC)3942845 | ||
| 040 |
_aDLC _cMnStclS _dOCoLC _dUk _dDLC _dBD-RjUL _beng |
||
| 041 | _aeng | ||
| 082 |
_a918.2 _bBUC 1956 |
||
| 100 | 1 |
_aButland, Gilbert J. _968351 |
|
| 245 | 1 | 0 |
_aChile : _ban outline of its geography, economics, and politics / _cGilbert J Butland |
| 250 | _a3d. ed. | ||
| 260 |
_aLondon ; _aNew York : _bRoyal Institute of International Affairs, _c1956. |
||
| 300 |
_avii, 128 p. : _bill. ; _c21 cm. |
||
| 504 | _aIncludes bibliography and index. | ||
| 651 | 0 |
_aChile. _913142 |
|
| 942 |
_2ddc _cBK |
||
| 999 |
_c22138 _d22138 |
||